000 00749nab a2200229 4500
003 BR-BrBNA
005 20260422170050.0
008 260422b bl.||||| |||| 00| 0 por d
040 _aBR-BrBNA
_bpor
072 _aF30 ; E16
100 _aMoitinho, Fábio
245 _aA escalada dos transgênicos
_bEspecial
500 _a4 illus.
650 _aTRANSGENIA
650 _aBIOTECNOLOGIA
650 _aSEMENTE MELHORADA
650 _aPRODUÇÃO AGRÍCOLA
650 _aGANHO DE PRODUÇÃO
773 0 _01706
_9348160
_dSão Paulo-SP Editora Três Ltda - E-mail: luizfsa@revistadinheiro.com.br 2004
_o2025-0649
_tDinheiro Rural (Brazil)
_x1807-3700
_gv. 12(135) p. 48-50; (Apr 2016)
_wBR2026001024
942 _cANA
999 _c341513
_d341513